Дело об определении и увольнении по школе Московской дирекции

Доступно только в Электронных читальных залах Найти на картеНа карте
RUSMARC
00003999nmc2a22000003x 450
001b52a6917-9cce-4f7a-ac9c-422564413aec
00520181228112836.0
100##$a20170704l18481848k l0rusy0189 ca
1010#$arus
102##$aRU
2001#$aДело об определении и увольнении по школе Московской дирекции
$j1848 г.
251##$cДело
300##$aПо Московской дирекции за 1848 год
300##$aОриг. заголовок дела: Дело об определении и увольнении по школе московских театров. 5 марта 1848 г. - 10 декабря 1848 г
801#0$aRU
$bРГИА
$c20170704
$gRCR
801#1$aRU
$bГлавНИВЦ
$c20170704
$2rusmarc
801#2$aRU
$bПБ им. Б.Н. Ельцина
$c20181228
$gRCR
$2rusmarc
850##$aРГИА
852##$aРГИА
$eФедеральное казенное учреждение "Российский государственный исторический архив" (РГИА)
$j11961
937##$hРГИА
$d12248074
$aASBIBLIO_SCAN
462#0$1001dd3991dc-24e1-42ec-8838-ca4255420416
$12001
$aДирекция императорских театров (1746-1850 гг.)
$1251
$cОпись
$1852
$j1
461#0$10019264ebf8-de62-4f1a-9eb4-9f22098dbbd5
$12001
$aДирекция императорских театров Министерства императорского двора
$1251
$cФонд
$1852
$j497
215##$a22 л.
$d36,5х26 см
371##$aДокумент не является опубликованным и широко распространяемым
105##$ay###
1222#$ad
5171#$aДело об определении и увольнении по школе московских театров. 5 марта 1848 г. - 10 декабря 1848 г
035##$ab52a6917-9cce-4f7a-ac9c-422564413aec
856##$uhttp://readingroom.main.prlib.ru/item.aspx?id_node=n122631723&mode=full
Формат отображения